As i am so is my nation : (Record no. 3698)

MARC details
000 -LEADER
fixed length control field 00631nam a2200193 4500
001 - CONTROL NUMBER
control field 4466
005 - DATE AND TIME OF LATEST TRANSACTION
control field 20181127173441.0
020 00 - INTERNATIONAL STANDARD BOOK NUMBER
International Standard Book Number 9789993653189
090 00 - LOCALLY ASSIGNED LC-TYPE CALL NUMBER (OCLC); LOCAL CALL NUMBER (RLIN)
Classification number (OCLC) (R) ; Classification number, CALL (RLIN) (NR) 378.54 P881a 2014
100 00 - MAIN ENTRY--PERSONAL NAME
Personal name Powdyel, Thakur S.
245 00 - TITLE STATEMENT
Title As i am so is my nation :
Remainder of title A tribute /
Statement of responsibility, etc. Thakur S Powdyel.
Medium
260 00 - PUBLICATION, DISTRIBUTION, ETC.
Place of publication, distribution, etc. Thimphu :
Name of publisher, distributor, etc. Thakur S Powdyel,
Date of publication, distribution, etc. 2014.
300 00 - PHYSICAL DESCRIPTION
Extent 190 p. ; 22 cm.
500 00 - GENERAL NOTE
General note Dedication to the most sublime, sovereign soul-self of my beloved country in faith, gratitude and prayers forever.
650 ## - SUBJECT ADDED ENTRY--TOPICAL TERM
Topical term or geographic name entry element Bhutan.
Form subdivision
General subdivision
Chronological subdivision
Geographic subdivision
Source of heading or term
Topical term or geographic name entry element Bhutan --Environment.
General subdivision
Topical term or geographic name entry element Education.
General subdivision
Topical term or geographic name entry element Health education
General subdivision
Holdings
Withdrawn status Lost status Source of classification or shelving scheme Damaged status Not for loan Collection code Home library Current library Shelving location Date acquired Serial Enumeration / chronology Inventory number Total Checkouts Total Renewals Full call number Barcode Date last seen Date last checked out Copy number Price effective from Koha item type Public note
    Dewey Decimal Classification     Main TEST RTC Library RTC Library Main opac 01/03/2021 8023 4 2 378.54 POW 30006861 26/04/2021 09/04/2021 4 27/11/2018 Main  
    Dewey Decimal Classification     Main TEST RTC Library RTC Library Main opac 07/09/2021 8024 7 4 378.54 POW 30007201 21/10/2021 06/10/2021 3 27/11/2018 Main  
    Dewey Decimal Classification     Main TEST RTC Library RTC Library Main opac   5654 1 3 378.54 POW 30007221 30/10/2019 02/09/2019 1 27/11/2018 Main  
    Dewey Decimal Classification     Main TEST RTC Library RTC Library Main opac   8025 1 1 378.54 POW 30007217 28/05/2019 16/05/2019 2 27/11/2018 Main  
    Dewey Decimal Classification     Main TEST RTC Library RTC Library Main opac 09/04/2021 8256 6 5 378.54 POW 30009514 21/05/2021 09/04/2021 5 27/11/2018 Main Donated 2015/15
Royal Thimphu College || All Right Reserved